000
00345 a2200121 4500
001
ART_35088
005
20260410161646.0
008
260409a
245
1
0
_a
Ajuste por inflación
100
1
_a
Januszewski, Karina
700
1
_a
Gutiérrez, Adriana
773
0
_t
Consultor tributario
_g
- Año 9, Nº 106 (dic. 2015)
_w
REV474
999
_c
13769
_d
13769